[Event "AUTO-OPEN-4286"]
[Site "http://www.queenalice.com/game.php?id=1762385"]
[Date "2021.6.17"]
[Round "1"]
[White "Williamis4"]
[Black "rich"]
[Result "0-1"]
[WhiteElo "1737"]
[BlackElo "1981"]

1. Nc3 d5 2. d4 Nf6 3. Bg5 Nbd7 4. f3 h6 5. Bxf6 Nxf6 6. Qd3 c6 7. e4 dxe4 8.
fxe4 Qb6 9. O-O-O Bg4 10. Rd2 e6 11. h3 Bh5 12. Qc4 Be7 13. a3 Bg6 14. Bd3 O-O
15. Nf3 Qa5 16. g4 Rac8 17. Qb3 Qc7 18. e5 Nd5 19. Nxd5 cxd5 20. Bxg6 fxg6 21.
h4 Rf4 22. g5 h5 23. Qd3 Rcf8 0-1

[Event "AUTO-OPEN-4286"]
[Site "http://www.queenalice.com/game.php?id=1762404"]
[Date "2021.6.17"]
[Round "1"]
[White "Artking"]
[Black "Williamis4"]
[Result "1-0"]
[WhiteElo "1954"]
[BlackElo "1732"]

1. e4 e5 2. Nf3 d6 3. Bc4 Be6 4. Bxe6 fxe6 5. d4 exd4 6. Nxd4 Qd7 7. Nc3 e5 8.
Ndb5 a6 9. Na3 Nc6 10. Nd5 O-O-O 11. Be3 h6 12. O-O Nf6 13. f3 Qf7 14. c4 g5 15.
b4 b6 16. Rc1 Nxd5 17. cxd5 Nxb4 18. Bxb6 Rd7 19. Nc4 Kb7 20. Ba5 c5 21. dxc6+
1-0

[Event "AUTO-OPEN-4286"]
[Site "http://www.queenalice.com/game.php?id=1762405"]
[Date "2021.6.17"]
[Round "1"]
[White "Williamis4"]
[Black "Artking"]
[Result "1-0"]
[WhiteElo "1735"]
[BlackElo "2071"]

1. e4 d5 2. exd5 Qxd5 3. Nc3 Qa5 4. Nf3 Bg4 5. h3 Bh5 6. d4 c6 7. Be2 Nf6 8. Bd2
Qc7 9. Ne5 Bxe2 10. Qxe2 e6 11. Bg5 Nbd7 12. Bxf6 gxf6 13. Nxd7 Qxd7 14. O-O-O
Bb4 15. Qe3 O-O-O 16. Ne4 Be7 17. h4 Rhg8 18. g3 b6 19. c3 Rg6 20. f4 Rdg8 21.
Rhg1 h6 22. h5 R6g7 23. Qd3 f5 24. Nf2 Bh4 25. Nh1 Kb7 26. Qe3 Be7 27. a3 Rc8
28. Nf2 c5 29. Qf3+ Kb8 30. dxc5 Bxc5 31. Rxd7 1-0

[Event "AUTO-OPEN-4286"]
[Site "http://www.queenalice.com/game.php?id=1762414"]
[Date "2021.6.17"]
[Round "1"]
[White "Canaye"]
[Black "Williamis4"]
[Result "0-1"]
[WhiteElo "1919"]
[BlackElo "1750"]

1. d4 d5 2. c4 c6 3. Nc3 Bf5 4. cxd5 cxd5 5. e3 e6 6. Nf3 Nc6 7. Bd3 Bxd3 8.
Qxd3 a6 9. a3 Nf6 10. O-O Bd6 11. Re1 O-O 12. b4 Qc7 13. Bb2 e5 14. dxe5 Nxe5
15. Nxe5 Bxe5 16. f4 Bxc3 17. Bxc3 Qc4 18. Qxc4 dxc4 19. Bxf6 gxf6 20. Rac1 b5
21. e4 Rfe8 22. Re3 Rad8 23. Kf2 Rd2+ 24. Kf3 Red8 25. e5 f5 26. e6 fxe6 27.
Rxe6 R8d3+ 28. Re3 Rxe3+ 29. Kxe3 Rd3+ 30. Ke2 Rxa3 31. Rb1 Kf7 32. h3 Ke6 33.
Kf2 Kd5 34. Rd1+ Kc6 35. Re1 Kd5 36. Re5+ Kd4 37. Rxf5 Rd3 38. h4 Kc3 39. g4
Kxb4 40. g5 c3 41. Re5 c2 42. Re1 Kb3 43. f5 Rh3 44. f6 Rd3 45. h5 Rd5 46. Re3+
Kb2 47. Re1 Rxg5 0-1

[Event "AUTO-OPEN-4286"]
[Site "http://www.queenalice.com/game.php?id=1762415"]
[Date "2021.6.17"]
[Round "1"]
[White "Williamis4"]
[Black "Canaye"]
[Result "1-0"]
[WhiteElo "1772"]
[BlackElo "1879"]

1. e4 e6 2. d4 d5 3. e5 c5 4. c3 Nc6 5. Bb5 Qb6 6. Bxc6+ bxc6 7. Nf3 cxd4 8.
cxd4 Ba6 9. a3 Ne7 10. Nc3 Nf5 11. b4 Rb8 12. Ne2 Rc8 13. O-O g6 14. Re1 Bg7 15.
Be3 Nxe3 16. fxe3 O-O 17. Nc3 f6 18. Na4 Qd8 19. Nc5 Qe8 20. exf6 Rxf6 21. Nxa6
Qe7 22. Rf1 Rcf8 23. Qe2 Bh6 24. Ne5 Rxf1+ 25. Rxf1 Rxf1+ 26. Kxf1 Bg7 27. Nxc6
Qd7 28. Nab8 Qf7+ 29. Kg1 Bh6 30. Ne5 Qc7 31. Nbc6 Bg7 32. h3 Bxe5 33. Nxe5 Qc1+
34. Kh2 Qxa3 35. Qf3 Kg7 36. Qf7+ Kh6 37. Ng4+ Kh5 38. Qxh7+ Kg5 39. Qf7 Qd3 40.
Qf4+ Kh5 41. Nf6# 1-0

[Event "AUTO-ADV-4498"]
[Site "http://www.queenalice.com/game.php?id=1763170"]
[Date "2021.6.27"]
[Round "2"]
[White "mengo1982"]
[Black "Williamis4"]
[Result "1-0"]
[WhiteElo "1808"]
[BlackElo "1742"]

1. e4 e5 2. Nf3 Nc6 3. c3 d5 4. Bd3 Nf6 5. Qe2 Bg4 6. h3 Bh5 7. O-O Bg6 8. exd5
Nxd5 9. Nxe5 Nde7 10. Bb5 Qd5 11. c4 Qc5 12. d3 Bxd3 13. Nxd3 Qf5 14. Ne5 O-O-O
15. Nf3 Nd4 16. Qe3 Nxf3+ 17. gxf3 Qxh3 18. Qxa7 Nc6 19. Qa8+ 1-0

[Event "AUTO-ADV-4498"]
[Site "http://www.queenalice.com/game.php?id=1763171"]
[Date "2021.6.27"]
[Round "2"]
[White "Williamis4"]
[Black "mengo1982"]
[Result "0-1"]
[WhiteElo "1742"]
[BlackElo "1830"]

1. d4 d5 2. Nc3 c6 3. Bd2 h6 4. f3 e6 5. e4 Ne7 6. Bd3 g6 7. e5 Qb6 8. Nge2 Bg7
9. Nb5 cxb5 10. g4 f6 11. f4 f5 12. h3 Nbc6 13. Be3 a6 14. Qd2 Bd7 15. O-O-O a5
16. gxf5 gxf5 17. Rhg1 Bf8 18. Nc3 Nb4 19. Be2 Kd8 20. a3 Na6 0-1

[Event "AUTO-ADV-4498"]
[Site "http://www.queenalice.com/game.php?id=1763176"]
[Date "2021.6.27"]
[Round "2"]
[White "Williamis4"]
[Black "donadama"]
[Result "0-1"]
[WhiteElo "1757"]
[BlackElo "1880"]

1. d4 d5 2. Nc3 e6 3. Bf4 Nf6 4. f3 Bd6 5. Bxd6 Qxd6 6. e4 Qe7 7. e5 Nfd7 8. Qd2
c5 9. Bb5 cxd4 10. Qxd4 a6 11. Bxd7+ Nxd7 12. O-O-O O-O 13. f4 b5 14. g3 Bb7 15.
Nf3 h6 16. h4 Qc5 17. Qxc5 Nxc5 18. Rhf1 Rfd8 19. b4 Ne4 20. Nxe4 dxe4 21. Ng1
e3 22. Rfe1 Rxd1+ 23. Rxd1 Be4 24. Ne2 Rc8 25. c3 Bf3 26. Re1 Bxe2 27. Rxe2
Rxc3+ 28. Kb2 Rc4 29. Kb3 Kf8 30. Rxe3 g5 31. hxg5 hxg5 32. Rf3 Kg7 0-1

[Event "AUTO-ADV-4498"]
[Site "http://www.queenalice.com/game.php?id=1763177"]
[Date "2021.6.27"]
[Round "2"]
[White "donadama"]
[Black "Williamis4"]
[Result "1-0"]
[WhiteElo "1876"]
[BlackElo "1739"]

1. d4 d5 2. c4 c6 3. Nc3 Nf6 4. Nf3 Bg4 5. e3 e6 6. h3 Bf5 7. Bd3 Bxd3 8. Qxd3
Bb4 9. a3 Bxc3+ 10. bxc3 O-O 11. O-O Nbd7 12. c5 b6 13. cxb6 axb6 14. Rb1 c5 15.
Re1 h6 16. c4 Rc8 17. a4 Ra8 18. Qc2 Re8 19. Nd2 cxd4 20. exd4 dxc4 21. Nxc4 Nd5
22. Nd6 Re7 23. Ba3 N7f6 24. Nc4 Rc7 25. Qb3 Nd7 26. Rbc1 Qh4 27. Bb2 Rb8 28.
Ba3 Rc6 29. Qb2 Nf4 30. g3 Nxh3+ 31. Kg2 Qh5 32. Ne5 Rxc1 33. Qxc1 Qf5 34. Nc6
Re8 35. Ne7+ Rxe7 36. Bxe7 Kh7 37. Qb1 Nxf2 38. Qxf5+ 1-0

[Event "AUTO-ADV-4498"]
[Site "http://www.queenalice.com/game.php?id=1763178"]
[Date "2021.6.27"]
[Round "2"]
[White "Williamis4"]
[Black "Pin"]
[Result "0-1"]
[WhiteElo "1742"]
[BlackElo "2087"]

1. e4 c5 2. d3 g6 3. Bd2 Bg7 4. Bc3 Nf6 5. Nd2 O-O 6. g3 Nc6 7. h4 d6 8. f3 Nh5
9. Bxg7 Nxg7 10. c3 e5 11. Nb3 Nh5 12. Ne2 f5 13. Bh3 fxe4 14. dxe4 Rxf3 15.
Bxc8 Rxc8 16. Qd5+ Kh8 17. O-O-O Nxg3 18. Nxg3 Rxg3 19. Rdf1 Qe7 20. Rf7 Qd8 21.
Rhf1 Qxh4 22. Rf8+ Rxf8 23. Rxf8+ Kg7 24. Qf7+ Kh6 25. Rh8 Rg1+ 26. Kc2 Qxe4+
0-1

[Event "AUTO-ADV-4498"]
[Site "http://www.queenalice.com/game.php?id=1763179"]
[Date "2021.6.27"]
[Round "2"]
[White "Pin"]
[Black "Williamis4"]
[Result "1-0"]
[WhiteElo "2070"]
[BlackElo "1740"]

1. e4 e5 2. Nf3 Nc6 3. Bb5 Nf6 4. O-O a6 5. Ba4 Nxe4 6. Re1 Nxf2 7. Kxf2 f6 8.
Bxc6 dxc6 9. Nc3 Bg4 10. Qe2 Bc5+ 11. Kf1 Bd4 12. d3 O-O 13. Be3 Bxc3 14. bxc3
b6 15. Qf2 Qe7 16. Kg1 Qa3 17. c4 c5 18. Bc1 Qc3 19. Be3 Rfe8 20. h3 Bxf3 21.
Qxf3 e4 22. dxe4 Qxc2 23. e5 fxe5 24. Qd5+ Kh8 25. Rad1 Rac8 26. Rd2 1-0

[Event "AUTO-OPEN-4289"]
[Site "http://www.queenalice.com/game.php?id=1763587"]
[Date "2021.7.3"]
[Round "1"]
[White "Williamis4"]
[Black "Magogue"]
[Result "0-1"]
[WhiteElo "1746"]
[BlackElo "1624"]

1. e4 e5 2. Nf3 Nc6 3. Nc3 Nf6 4. d3 Be7 5. d4 exd4 6. Nxd4 Nxd4 7. Qxd4 d6 8.
Bg5 O-O 9. Nd5 Nxd5 10. Bxe7 Nxe7 11. O-O-O Nc6 12. Qc3 Re8 13. Qf3 Ne5 14. Qg3
Bg4 15. Rd5 Be6 16. Ra5 Nc6 17. Rg5 g6 18. Bb5 Bd7 19. Re1 Re5 20. Rxe5 Nxe5 21.
Be2 Kh8 22. f4 Nc6 23. Qc3+ Kg8 24. Rf1 Qe7 25. f5 Qxe4 26. Bf3 Qxf5 27. Be2
Qg5+ 28. Kb1 Qxg2 29. Bc4 Rf8 30. Qf6 Bf5 31. h4 Qxc2+ 0-1

[Event "AUTO-OPEN-4289"]
[Site "http://www.queenalice.com/game.php?id=1763588"]
[Date "2021.7.3"]
[Round "1"]
[White "Magogue"]
[Black "Williamis4"]
[Result "1-0"]
[WhiteElo "1567"]
[BlackElo "1774"]

1. e4 d5 2. exd5 Qxd5 3. Nc3 Qd8 4. Nf3 Bg4 5. Be2 Nc6 6. O-O e5 7. h3 Bh5 8.
Re1 a6 9. a3 f6 10. d4 Bxf3 11. Bxf3 Qxd4 12. Bxc6+ 1-0

[Event "AUTO-OPEN-4289"]
[Site "http://www.queenalice.com/game.php?id=1763589"]
[Date "2021.7.3"]
[Round "1"]
[White "Williamis4"]
[Black "Tenor"]
[Result "1-0"]
[WhiteElo "1725"]
[BlackElo "1677"]

1. d4 d5 2. e3 Nf6 3. Nc3 Nc6 4. f3 e5 5. Bb5 Bd7 6. Nge2 e4 7. Nf4 a6 8. Ba4 b5
9. Bb3 Na5 10. Bxd5 Nxd5 11. Ncxd5 exf3 12. Qxf3 Bc6 13. Qe4+ Be7 14. Qxe7+ Qxe7
15. Nxe7 Kxe7 16. Bd2 Nc4 17. Bb4+ Kd7 18. d5 Bb7 19. O-O-O Nxe3 20. Rd3 Nf5 21.
Re1 Rhe8 22. g4 Nd6 23. Rde3 g5 24. Nh5 Rxe3 25. Rxe3 Bxd5 26. Nf6+ Kc6 27. Rc3+
Kb7 28. Nxd5 Ne8 29. Be7 c6 30. Nb4 Kc7 31. Nxc6 Kd7 32. Bxg5 Nd6 33. Nb4 a5 34.
Nd5 Ra6 35. Nf6+ Ke6 36. Re3+ 1-0

[Event "AUTO-OPEN-4289"]
[Site "http://www.queenalice.com/game.php?id=1763590"]
[Date "2021.7.3"]
[Round "1"]
[White "Tenor"]
[Black "Williamis4"]
[Result "0-1"]
[WhiteElo "1673"]
[BlackElo "1728"]

1. e4 e5 2. d4 exd4 3. e5 c5 4. c4 Nc6 5. Bf4 d6 6. Nf3 dxe5 7. Nxe5 Nxe5 8.
Bxe5 Qg5 9. Qe2 Be6 10. Nd2 Nf6 11. f4 Qf5 12. Qd3 Qxd3 13. Bxd3 Be7 14. O-O O-O
15. a3 Rad8 16. Ne4 Nxe4 17. Bxe4 Bxc4 18. Rfc1 Ba6 19. Rd1 b6 20. b3 f6 21.
Bxf6 Rxf6 22. g3 Bc8 23. a4 Bf5 24. Re1 Bxe4 25. Rxe4 Kf7 26. Rae1 Rd7 27. Kf2
Rfd6 28. Ke2 Re6 29. Kd3 Rxe4 30. Rxe4 Rd6 31. f5 Rh6 32. h4 Rh5 33. Rf4 Bd6 34.
Rf3 Kf6 35. Ke4 Bb8 36. Kd5 Rxf5+ 37. Ke4 Rxf3 38. Kxf3 Bxg3 0-1

[Event "AUTO-OPEN-4289"]
[Site "http://www.queenalice.com/game.php?id=1763591"]
[Date "2021.7.3"]
[Round "1"]
[White "Williamis4"]
[Black "Numberone"]
[Result "0-1"]
[WhiteElo "1773"]
[BlackElo "1783"]

1. d4 d5 2. c4 dxc4 3. e3 e5 4. Bxc4 exd4 5. exd4 Nf6 6. Nf3 Qe7+ 7. Qe2 Qxe2+
8. Bxe2 Be7 9. O-O O-O 10. Bd3 Nc6 11. Ne5 Nxe5 12. Be2 Nc6 13. Rd1 Rd8 14. Be3
Nd5 15. Bb5 Ncb4 16. Nc3 c6 17. Nxd5 Nxd5 18. Bc4 Nb6 19. Bb3 Bf6 20. Rac1 Bg4
21. f3 Bh5 22. Rc5 Bg6 23. g4 Be7 24. Rcc1 Nd5 25. Bd2 Bf6 26. Bxd5 Bxd4+ 27.
Kg2 Rxd5 28. Re1 Bxb2 0-1

[Event "AUTO-OPEN-4289"]
[Site "http://www.queenalice.com/game.php?id=1763592"]
[Date "2021.7.3"]
[Round "1"]
[White "Numberone"]
[Black "Williamis4"]
[Result "1-0"]
[WhiteElo "1751"]
[BlackElo "1792"]

1. e4 e5 2. f4 f6 3. f5 d5 4. Bd3 Ne7 5. Qh5+ g6 6. fxg6 Bg4 7. Qxg4 Nxg6 8.
Qe6+ Be7 9. exd5 Nf4 10. Qg4 Bf8 11. Be4 Nd7 12. d4 Bd6 13. g3 1-0